Synthesis and rheological characterization of branched versus linear solution styrene-butadiene rubber (Record no. 70143)

MARC details
000 -LEADER
fixed length control field 00475nam a2200145Ia 4500
100 ## - MAIN ENTRY--AUTHOR NAME
Personal name Kerns Michael L
245 #0 - TITLE STATEMENT
Title Synthesis and rheological characterization of branched versus linear solution styrene-butadiene rubber
260 ## - PUBLICATION, DISTRIBUTION, ETC. (IMPRINT)
Name of publisher Rubber Chemistry and Technology
Year of publication 2002
300 ## - PHYSICAL DESCRIPTION
Number of Pages 299-308
650 ## - SUBJECT ADDED ENTRY--TOPICAL TERM
Topical Term Rheological characterization
650 ## - SUBJECT ADDED ENTRY--TOPICAL TERM
Topical Term Styrene butadiene rubber
700 ## - ADDED ENTRY--PERSONAL NAME
Personal name Henning Steven K
942 ## - ADDED ENTRY ELEMENTS (KOHA)
Koha item type Journals
Holdings
Withdrawn status Lost status Damaged status Not for loan Home library Current library Shelving location Date acquired Serial Enumeration / chronology Koha item type
      Journals RRII Library RRII Library Rubber chemistry 26/11/2002 Volume 75, Issue 2 Journals